[Event "2010 Standard Chess Dropout Tournament, Round 1"]
[Site "SchemingMind.com"]
[Date "2009.11.09"]
[Round "1"]
[White "agarr"]
[Black "Arthur Wilding"]
[Result "1-0"]
[WhiteCountry "RUS"]
[BlackCountry "WLS"]
[WhiteElo "1737"]
[WhiteRD "80"]
[BlackElo "1535"]
[BlackRD "147"]
[GameID "225917"]

1. e4 e5 2. Nf3 Nc6 3. Bc4 f6 4. Nc3 d6 5. d3 Bg4 6. Be3 Qd7 7. h3 Bh5 8. Qd2 Bxf3 9. gxf3 O-O-O 10. Bb5 a6
11. Ba4 Nge7 12. Nd5 Qe6 13. Nxe7+ Nxe7 14. Bb3 Qd7 15. O-O-O d5 16. Bc5 dxe4 17. fxe4 Nc6 18. Bxf8 Rhxf8 19. f4 Nd4 20. f5 Nxb3+
21. axb3 Qc6 22. c3 Qb6 23. Kc2 Rd7 24. Rhf1 Rfd8 25. Qf2 Qxf2+ 26. Rxf2 b6 27. Rg2 h5 28. h4 a5 29. Rg3 c5 30. c4 Kb7
31. Rdg1 Rg8 32. Rg6 Rd6 33. Rxg7+
1-0

[Event "2010 Standard Chess Dropout Tournament, Round 1"]
[Site "SchemingMind.com"]
[Date "2009.11.09"]
[Round "1"]
[White "air666"]
[Black "agarr"]
[Result "1-0"]
[WhiteCountry "GER"]
[BlackCountry "RUS"]
[WhiteElo "1383"]
[WhiteRD "75"]
[BlackElo "1698"]
[BlackRD "85"]
[GameID "225918"]

1. e4 e5 2. f4 exf4 3. Bc4 Bc5 4. Nf3 d6 5. d4 Bb4+ 6. Bd2 Bxd2+ 7. Qxd2 Be6 8. Bxe6 fxe6 9. Qxf4 Qf6 10. g3 Nd7
11. e5 Qxf4 12. gxf4 h6 13. Nc3 a6 14. O-O-O Ne7 15. Rhg1 Nf5 16. Rde1 d5 17. h4 O-O-O 18. Rg6 Rde8 19. h5 Nf8 20. Rg2 Nd7
21. Rh1 c5 22. Nh4 cxd4 23. Nxf5 dxc3 24. Nd6+
1-0

[Event "2010 Standard Chess Dropout Tournament, Round 1"]
[Site "SchemingMind.com"]
[Date "2009.11.11"]
[Round "1"]
[White "andu"]
[Black "TONYTODD11"]
[Result "1-0"]
[WhiteCountry "AUT"]
[BlackCountry "ENG"]
[WhiteElo "2124"]
[WhiteRD "50"]
[BlackElo "1527"]
[BlackRD "82"]
[GameID "225919"]

1. e4 c6 2. d4 d5 3. Nc3 Nf6 4. f3 e6 5. Bg5 Be7 6. e5 Nfd7 7. Bxe7 Qxe7 8. f4 Qb4 9. a3 Qxb2 10. Na4 Qxa1
11. Qxa1 g6 12. Nf3 O-O 13. Qc3 b5 14. Nc5 Nb6 15. h4 Nc4 16. h5 a5 17. Ng5 b4 18. Qh3 bxa3 19. hxg6
1-0

[Event "2010 Standard Chess Dropout Tournament, Round 1"]
[Site "SchemingMind.com"]
[Date "2009.11.11"]
[Round "1"]
[White "Apatchenlama"]
[Black "startstek"]
[Result "0-1"]
[WhiteCountry "GER"]
[BlackCountry "ALG"]
[WhiteElo "1590"]
[WhiteRD "122"]
[BlackElo "1909"]
[BlackRD "78"]
[GameID "225920"]

1. d4 Nf6 2. c4 g6 3. Nc3 Bg7 4. e4 d6 5. f3 O-O 6. Be3 c6 7. Qd2 a6 8. a4 Nbd7 9. Bd3 e5 10. d5 c5
11. Nge2 Ne8 12. Bg5 f6 13. Bh6 Qe7 14. O-O f5 15. exf5 gxf5 16. Bxg7 Qxg7 17. Ng3 Nb8 18. h4 Qxg3
0-1

[Event "2010 Standard Chess Dropout Tournament, Round 1"]
[Site "SchemingMind.com"]
[Date "2009.11.09"]
[Round "1"]
[White "APB"]
[Black "KaliYuga"]
[Result "0-1"]
[WhiteCountry "ENG"]
[BlackCountry "IRL"]
[WhiteElo "1601"]
[WhiteRD "58"]
[BlackElo "1861"]
[BlackRD "83"]
[GameID "225921"]

1. e4 c5 2. d4 cxd4 3. c3 dxc3 4. Nxc3 Nc6 5. Nf3 d6 6. h3 Nf6 7. Bc4 g6 8. Ng5 e6 9. b4 a6 10. b5 Ne5
11. Qd4 Nxc4 12. Qxc4 Bg7 13. Qd3 O-O 14. Ba3 Ne8 15. Bb4 a5 16. Ba3 Bxc3+ 17. Qxc3 Qxg5 18. Bb2 e5 19. O-O Bxh3 20. Qxh3 Nf6
21. Bc1 Qh5 22. Qxh5 Nxh5 23. Ba3 Rfd8 24. Rad1 Nf6 25. Bxd6 Nxe4 26. Bxe5 Re8 27. Rd5 Rad8 28. Rxd8 Rxd8 29. Bc7 Rd2 30. Re1 Nxf2
31. Re8+ Kg7 32. Bxa5 Rxa2 33. Bc3+ Kh6 34. Re7 Ng4 35. Rxf7 Rc2 36. Bg7+ Kh5 37. g3 Rc1+ 38. Kg2 Ne3+ 39. Kh3 Rh1#
0-1

[Event "2010 Standard Chess Dropout Tournament, Round 1"]
[Site "SchemingMind.com"]
[Date "2009.11.14"]
[Round "1"]
[White "Apocalypse"]
[Black "paradox"]
[Result "1-0"]
[WhiteCountry "USA"]
[BlackCountry "GER"]
[WhiteElo "2625"]
[WhiteRD "67"]
[BlackElo "1978"]
[BlackRD "127"]
[GameID "225922"]

1. d4 Nf6 2. Bd2 g6 3. e3 Bg7 4. c4 O-O 5. Nc3 d6 6. Nf3 Nbd7 7. Be2 e5 8. Qc2 c6 9. dxe5 Nxe5 10. Nxe5 dxe5
11. Rd1 e4 12. Nb1 c5 13. O-O Qe7 14. Bc3 b6 15. h3 Bb7 16. Qa4 a6 17. b4 Rab8 18. bxc5 bxc5 19. Rd2 Rfd8 20. Qa5 Rxd2
21. Nxd2 Nd7 22. Bxg7 Kxg7 23. Rb1 Qd6 24. Rd1 Qb6 25. Qxb6 Nxb6 26. Nb3 Na4 27. Rd7 Bc8 28. Rd8 h5 29. Bd1 h4 30. Bc2 f5
31. Kf1 Kh6 32. Na5 Nb6 33. Ke2 Kg7 34. a3 Kf7 35. Nc6 Ra8 36. Rd6 Be6 37. Nd8+ Rxd8 38. Rxd8 Nxc4 39. Bb3 Ke7 40. Ra8 a5
41. Ra7+ Kf6 42. Ra6 Ke5 43. Rxe6+ Kxe6 44. Bxc4+ Kd6 45. Kd2 Ke5 46. Kc3 Kd6 47. Kb3 Kc6 48. Bf7 g5 49. Bg6 f4 50. exf4 gxf4
51. Bxe4+
1-0

[Event "2010 Standard Chess Dropout Tournament, Round 1"]
[Site "SchemingMind.com"]
[Date "2009.11.10"]
[Round "1"]
[White "Archon"]
[Black "JPT"]
[Result "1-0"]
[WhiteCountry "CAN"]
[BlackCountry "INT"]
[WhiteElo "1648"]
[WhiteRD "59"]
[BlackElo "1874"]
[BlackRD "92"]
[GameID "225923"]

1. Nf3 d5 2. c4 c6 3. g3 Nf6 4. Bg2 Bg4 5. Ne5 Nbd7 6. Nxg4 Nxg4 7. O-O e6 8. e3 Ngf6 9. Nc3 Nb6 10. d4 Nxc4
11. a4 Bb4 12. Bd2 Qa5 13. Qc2 O-O 14. Rfc1 Rfe8 15. b3 Nxd2 16. Qxd2 e5 17. Qc2 e4 18. Na2 Bd6 19. Rcb1 Qc7 20. b4 h5
21. b5 h4 22. bxc6 bxc6 23. Nc3 hxg3 24. hxg3 Ng4 25. Kf1 Re6 26. Bh3 Nxe3+ 27. fxe3 Rf6+ 28. Ke2 Bxg3 29. Rf1 Rh6 30. Rh1 Bh2
31. Raf1 Rxh3 32. Kd1 Rh7 33. Qg2 Qg3 34. Qxg3 Bxg3 35. Rxh7 Kxh7 36. Rh1+ Kg8 37. Rh3 Bc7 38. Kc2 g6 39. Ne2 Kg7 40. Rh4 Rh8
41. Rxh8 Kxh8 42. Kb3 a5 43. Kc2
1-0

[Event "2010 Standard Chess Dropout Tournament, Round 1"]
[Site "SchemingMind.com"]
[Date "2009.11.14"]
[Round "1"]
[White "Archr"]
[Black "Games Freak"]
[Result "1-0"]
[WhiteCountry "USA"]
[BlackCountry "AUS"]
[WhiteElo "1597"]
[WhiteRD "91"]
[BlackElo "1117"]
[BlackRD "123"]
[GameID "225924"]

1. e4 d5 2. d4 Nf6 3. exd5 Nxd5 4. Nf3 Nc6 5. c4 Ndb4 6. a3 Na6 7. b4 e6 8. b5 Nab8 9. bxc6 Nxc6 10. Be2 f6
11. O-O e5 12. d5 Na5 13. Qa4+ Bd7 14. Qxa5 b6 15. Qc3 a5 16. Nbd2 Bd6 17. Bb2 g5 18. Ne4 h6 19. c5 Be7 20. c6 Bf5
21. Bd3 Qxd5 22. Rad1 Bxe4 23. Bb5 Qxb5 24. Nd2 Bxc6 25. Nc4 a4 26. Qc2 Qc5 27. Qg6+ Kf8 28. Ne3 Bb7 29. Nf5 Rg8 30. Qxh6+ Ke8
31. Ng7+ Rxg7 32. Qxg7 Qc6 33. f3 Ra5 34. Qh8+ Kf7 35. h4 gxh4 36. Qxh4 Bc5+ 37. Kh2 Rb5 38. Bc1 Rb1 39. Qh7+ Ke6 40. Qxb1 e4
41. Qxe4+ Qxe4 42. fxe4 Bxe4 43. Bb2 b5 44. Rxf6+
1-0

[Event "2010 Standard Chess Dropout Tournament, Round 1"]
[Site "SchemingMind.com"]
[Date "2009.11.14"]
[Round "1"]
[White "Artur"]
[Black "occult"]
[Result "0-1"]
[WhiteCountry "POL"]
[BlackCountry "ROU"]
[WhiteElo "1853"]
[WhiteRD "100"]
[BlackElo "1810"]
[BlackRD "101"]
[GameID "225926"]

1. e4 c5 2. Nc3 Nc6 3. f4 d6 4. Nf3 g6 5. Bc4 Bg7 6. O-O Nf6 7. e5 dxe5 8. fxe5 Nxe5 9. Bb5+ Nc6 10. Ne5 Qd4+
11. Kh1 Qxe5 12. Bxc6+ bxc6 13. Qf3 Qc7 14. d3 Be6 15. Bf4 Qb6 16. Na4 Qb5 17. Nc3 Qa6 18. Be5 O-O 19. b3 Nd5 20. Bxg7 Kxg7
21. Na4 Qa5 22. Nb2 Rad8 23. c4 Nf6 24. Qxc6 Rd6 25. Qf3 Qc3 26. Na4 Qxd3 27. Qxd3 Rxd3 28. Nxc5 Rd2 29. Nxe6+ fxe6 30. Rfd1 Rfd8
31. Rxd2 Rxd2 32. h3 Rc2 33. Kh2 e5 34. Kg3 e4 35. a3 Rc3+
0-1

[Event "2010 Standard Chess Dropout Tournament, Round 1"]
[Site "SchemingMind.com"]
[Date "2009.11.09"]
[Round "1"]
[White "auxarlier"]
[Black "surfnsuds"]
[Result "1-0"]
[WhiteCountry "FRA"]
[BlackCountry "USA"]
[WhiteElo "2119"]
[WhiteRD "106"]
[BlackElo "1349"]
[BlackRD "103"]
[GameID "225927"]

1. d4 d5 2. Nf3 Nf6 3. Bf4 c5 4. e3 Nc6 5. c3 Qb6 6. Qb3 c4 7. Qc2 g6 8. Nbd2 Bf5 9. Qc1 Ng4 10. h3 e5
11. dxe5 Ngxe5 12. Nxe5 Nxe5 13. Bxe5 Rg8 14. Nf3 f6 15. Bd4 Bc5 16. Be2 Bxd4 17. Nxd4 Kf7 18. Qd2 Be4 19. Bf3 Rae8 20. a4 a5
21. O-O Kg7 22. Rfd1 Re5 23. Bxe4 Rxe4 24. Nb5 Rd8 25. Qc2 Qc5 26. Rd4 Re5 27. Rad1 Qc6 28. Qe2 Qc8 29. Qf3 Qf5 30. Qxf5 Rxf5
31. Rxc4 dxc4 32. Rxd8 Kh6 33. Rd7 g5 34. Rxb7 Rd5 35. Nd4 Kg6 36. Rb5 Re5 37. Rxe5
1-0

[Event "2010 Standard Chess Dropout Tournament, Round 1"]
[Site "SchemingMind.com"]
[Date "2009.11.09"]
[Round "1"]
[White "BigB"]
[Black "fatdaddy"]
[Result "1-0"]
[WhiteCountry "SVK"]
[BlackCountry "USA"]
[WhiteElo "2513"]
[WhiteRD "73"]
[BlackElo "1291"]
[BlackRD "110"]
[GameID "225928"]

1. c4 b5 2. cxb5 a6 3. e3 axb5 4. Bxb5 g6 5. Nf3 Bg7 6. O-O Nf6 7. Nc3 O-O 8. a4 Ba6 9. d4 c6 10. Bd3 Bxd3
11. Qxd3 d6 12. b4 c5 13. b5 Nbd7 14. Bd2 e5 15. dxe5 dxe5 16. e4 Rc8 17. a5 Ng4 18. b6 Ra8 19. Qb5 Nb8 20. a6 Qd6
21. Rfd1 Nxa6 22. Rxa6 Rxa6 23. Qxa6 Qd3 24. Qxd3 h6 25. b7 Rb8 26. Qa6 Kh7 27. Qa7 Rg8 28. b8=Q Rxb8 29. Qxb8 h5 30. Ng5+
1-0

[Event "2010 Standard Chess Dropout Tournament, Round 1"]
[Site "SchemingMind.com"]
[Date "2009.11.09"]
[Round "1"]
[White "BigDaddy"]
[Black "Chessic"]
[Result "0-1"]
[WhiteCountry "AUT"]
[BlackCountry "INT"]
[WhiteElo "1331"]
[WhiteRD "51"]
[BlackElo "1653"]
[BlackRD "151"]
[GameID "225929"]

1. e4 e5 2. Nf3 Nc6 3. Bc4 Nf6 4. Nc3 Bc5 5. O-O O-O 6. a3 a6 7. h3 b5 8. b4 Bxf2+ 9. Rxf2 bxc4 10. d3 cxd3
11. cxd3 d5 12. exd5 Nxd5 13. Bb2 f6 14. Qc2 Bb7 15. Qb3 Ne7 16. Rd1 Kh8 17. d4 Nxc3 18. Qxc3 e4 19. Nd2 Nd5 20. Qg3 e3
21. Re2 exd2 22. Rdxd2 Qd7 23. Qg4 Qxg4 24. hxg4 Rae8 25. g3 Ne3 26. Rd3 Nxg4 27. Rxe8 Rxe8 28. Bc3 Re3 29. Rxe3 Nxe3 30. a4 Kg8
31. Bd2 Nf5 32. Bc3 Nxg3
0-1

[Event "2010 Standard Chess Dropout Tournament, Round 1"]
[Site "SchemingMind.com"]
[Date "2009.11.09"]
[Round "1"]
[White "Black Five"]
[Black "Hexsaw"]
[Result "1-0"]
[WhiteCountry "WLS"]
[BlackCountry "ENG"]
[WhiteElo "1810"]
[WhiteRD "127"]
[BlackElo "1335"]
[BlackRD "81"]
[GameID "225930"]

1. d4 d5 2. c4 Nf6 3. cxd5 Nxd5 4. Nf3 Nc6 5. e4 e6 6. exd5 Ne7 7. dxe6 Bxe6 8. Be2 Qd5 9. Nc3 Qd6 10. O-O O-O-O
11. Bg5 h6 12. Bh4 Nf5 13. Bxd8 Kxd8 14. d5 Bd7 15. Rc1 Qb4 16. Ne5 f6 17. Nf7+ Ke8 18. Nxh8 Qxb2 19. Qb3 Qxb3 20. axb3 a6
21. Rfe1 Bb4 22. Bxa6+ Be7 23. Bxb7
1-0

[Event "2010 Standard Chess Dropout Tournament, Round 1"]
[Site "SchemingMind.com"]
[Date "2009.11.10"]
[Round "1"]
[White "Ingemar Assarsjö"]
[Black "jacekp_05"]
[Result "0-1"]
[WhiteCountry "SWE"]
[BlackCountry "POL"]
[WhiteElo "1820"]
[WhiteRD "106"]
[BlackElo "1747"]
[BlackRD "175"]
[GameID "225931"]

1. e4 e6 2. d4 d5 3. Nc3 dxe4 4. Nxe4 Nd7 5. Nf3 Ngf6 6. Nxf6+ Nxf6 7. Bd3 Be7 8. Qe2 O-O 9. Bg5 c5 10. dxc5 Qa5+
11. c3 Qxc5 12. O-O Bd7 13. Rfd1 Rad8 14. Rd2 Bc6 15. Rad1 Bxf3 16. Qxf3 Qxg5 17. Qxb7 Bc5 18. b4 Bb6 19. a4 Rb8 20. Qa6 Nd5
21. Rc2 Rfc8 22. a5 Nc7 23. Qc4 Bxa5 24. bxa5 Qxa5 25. Ra2 Qb6 26. h3 Nd5 27. Qe4 g6 28. Rb1 Qc5 29. Rxb8 Rxb8 30. Qe5 Rc8
31. c4 Nb4 32. Qxc5 Rxc5 33. Ra3 Nxd3 34. Rxd3 Rxc4 35. Ra3 Rc1+ 36. Kh2 Rc7 37. Kg3 e5 38. Kf3 f5 39. g4 Kg7 40. Ke3 Kf6
41. f4 e4 42. g5+ Kf7 43. h4 Rd7 44. Ke2 Ke8
0-1

[Event "2010 Standard Chess Dropout Tournament, Round 1"]
[Site "SchemingMind.com"]
[Date "2009.11.14"]
[Round "1"]
[White "Brennan Price"]
[Black "Buckaroo Bob"]
[Result "1-0"]
[WhiteCountry "USA"]
[BlackCountry "USA"]
[WhiteElo "2120"]
[WhiteRD "100"]
[BlackElo "1990"]
[BlackRD "82"]
[GameID "225932"]

1. e4 c5 2. Nf3 d6 3. d4 cxd4 4. Nxd4 Nf6 5. Nc3 a6 6. Bg5 e6 7. f4 Qc7 8. Qf3 Be7 9. O-O-O Nbd7 10. g4 b5
11. Bxf6 Nxf6 12. g5 Nd7 13. f5 Bxg5+ 14. Kb1 Ne5 15. Qh5 Qd8 16. Nxe6 Bxe6 17. fxe6 g6 18. exf7+ Kxf7 19. Qh3 Kg7 20. Qe6 Be7
21. h4 h5 22. Be2 b4 23. Nd5 Bxh4 24. Rdg1 a5 25. Nf4 Bg5 26. Nxg6 Nxg6 27. Bxh5 Qf6 28. Qd5
1-0

[Event "2010 Standard Chess Dropout Tournament, Round 1"]
[Site "SchemingMind.com"]
[Date "2009.11.10"]
[Round "1"]
[White "Buckaroo Bob"]
[Black "racy"]
[Result "1-0"]
[WhiteCountry "USA"]
[BlackCountry "USA"]
[WhiteElo "2030"]
[WhiteRD "75"]
[BlackElo "1457"]
[BlackRD "101"]
[GameID "225933"]

1. d4 d5 2. c4 c5 3. cxd5 Qxd5 4. Nf3 cxd4 5. Nc3 Qa5 6. Nxd4 e5 7. Nb5 a6 8. Nd6+ Bxd6 9. Qxd6 Nc6 10. a3 Nd4
11. b4 Qd8 12. Qxd8+ Kxd8 13. Ra2 Be6 14. Rd2 Kc7 15. Ne4 Bb3 16. f3 Rd8 17. Kf2 Nf6 18. Nxf6 gxf6 19. e3 Nc6 20. Bd3 b5
21. Be4 Rxd2+ 22. Bxd2 Rd8 23. Bc3 Ne7 24. Bxh7 f5 25. Bxe5+ Kb7 26. Rc1 Kb6 27. Bc7+ Kb7 28. Bxd8 Nc6 29. Bf6 Be6 30. Rc5 Kc7
31. Bxf5 Bxf5 32. Rxf5 Kd6 33. Bc3 Ke6 34. Rf6+ Kd7 35. Rxf7+ Ne7 36. Bf6 Ke6 37. Rxe7+ Kxf6 38. Ra7 Ke5 39. Rxa6 Kd5 40. e4+ Kc4
41. e5 Kd4 42. e6 Kc3 43. e7 Kb3 44. e8=Q Ka2 45. Qe3 Kb2 46. Rd6 Kc2 47. Rd2+ Kc1 48. Qe1#
1-0

[Event "2010 Standard Chess Dropout Tournament, Round 1"]
[Site "SchemingMind.com"]
[Date "2009.11.09"]
[Round "1"]
[White "bull mccabe"]
[Black "Nut"]
[Result "1-0"]
[WhiteCountry "IRL"]
[BlackCountry "USA"]
[WhiteElo "1783"]
[WhiteRD "91"]
[BlackElo "1620"]
[BlackRD "86"]
[GameID "225934"]

1. e4 e5 2. Nf3 Nc6 3. Bb5 g6 4. c3 Nge7 5. O-O Bg7 6. d4 exd4 7. cxd4 O-O 8. Nc3 d5 9. e5 Bg4 10. h3 Bxf3
11. gxf3 Qd7 12. Kg2 Nf5 13. Ba4 Qe7 14. Nxd5 Qh4 15. Bxc6 bxc6 16. Ne3 Nxe3+ 17. Bxe3 Rad8 18. Qc1 Rd7 19. Qxc6 Rfd8 20. Rac1 Bh6
21. Bxh6 Qxh6 22. Qf6 Rxd4 23. Rxc7 R8d7 24. Rc8+
1-0

[Event "2010 Standard Chess Dropout Tournament, Round 1"]
[Site "SchemingMind.com"]
[Date "2009.11.14"]
[Round "1"]
[White "C. H. O'D. Schlechter"]
[Black "DCangelosi"]
[Result "1-0"]
[WhiteCountry "USA"]
[BlackCountry "USA"]
[WhiteElo "2393"]
[WhiteRD "80"]
[BlackElo "1779"]
[BlackRD "191"]
[GameID "225935"]

1. e4 d5 2. exd5 Qxd5 3. Nc3 Qd8 4. d4 e5 5. Nf3 Bg4 6. Be2 exd4 7. Nxd4 Bxe2 8. Qxe2+ Qe7 9. Be3 Nd7 10. Nd5 Qe5
11. Nxc7+
1-0

[Event "2010 Standard Chess Dropout Tournament, Round 1"]
[Site "SchemingMind.com"]
[Date "2009.11.09"]
[Round "1"]
[White "calidore"]
[Black "auxarlier"]
[Result "1/2-1/2"]
[WhiteCountry "ISR"]
[BlackCountry "FRA"]
[WhiteElo "1852"]
[WhiteRD "108"]
[BlackElo "2119"]
[BlackRD "106"]
[GameID "225937"]

1. e4 c5 2. c3 Nf6 3. e5 Nd5 4. d4 cxd4 5. cxd4 d6 6. Nf3 Nc6 7. Nc3 dxe5 8. Nxe5 Nxc3 9. Nxc6 Nxd1 10. Nxd8= Kxd8
11. Kxd1 Be6 12. Bd3 Bd5 13. f3 Rc8 14. Bd2 e6 15. Ke2 Bd6 16. Bc3 Ke7 17. g3 h5=
1/2-1/2

[Event "2010 Standard Chess Dropout Tournament, Round 1"]
[Site "SchemingMind.com"]
[Date "2009.11.14"]
[Round "1"]
[White "John M. Sargent"]
[Black "erikbrynolfson"]
[Result "1-0"]
[WhiteCountry "ENG"]
[BlackCountry "USA"]
[WhiteElo "2294"]
[WhiteRD "97"]
[BlackElo "1812"]
[BlackRD "69"]
[GameID "225938"]

1. d4 Nf6 2. Nf3 g6 3. Nc3 Bg7 4. e4 d6 5. Be2 Bg4 6. h3 Bxf3 7. Bxf3 O-O 8. e5 dxe5 9. dxe5 Qxd1+ 10. Nxd1 Nd5
11. Bxd5 c6 12. Bf3 Bxe5 13. Ne3 Nd7 14. Nc4 Bg7 15. c3 Rad8 16. Be3 a6 17. O-O-O f5 18. Na5
1-0

[Event "2010 Standard Chess Dropout Tournament, Round 1"]
[Site "SchemingMind.com"]
[Date "2009.11.14"]
[Round "1"]
[White "Chess Tiger"]
[Black "kynoceros"]
[Result "1-0"]
[WhiteCountry "GER"]
[BlackCountry "USA"]
[WhiteElo "2331"]
[WhiteRD "89"]
[BlackElo "1568"]
[BlackRD "77"]
[GameID "225939"]

1. e4 e5 2. Nf3 Nc6 3. Bb5 a6 4. Ba4 d6 5. c3 f5 6. exf5 Bxf5 7. d4 Qe7 8. O-O b5 9. Bb3 Nf6 10. a3 O-O-O
11. a4 d5 12. axb5 axb5 13. Qe2 b4 14. Qa6+ Kd7 15. Ba4 Ke6 16. Ng5+ Kd7 17. Qxc6+
1-0

[Event "2010 Standard Chess Dropout Tournament, Round 1"]
[Site "SchemingMind.com"]
[Date "2009.11.14"]
[Round "1"]
[White "Chess_Man01"]
[Black "sthorwall"]
[Result "1/2-1/2"]
[WhiteCountry "GBR"]
[BlackCountry "USA"]
[WhiteElo "2335"]
[WhiteRD "74"]
[BlackElo "2113"]
[BlackRD "72"]
[GameID "225940"]

1. d4 Nf6 2. c4 g6 3. Nc3 d5 4. cxd5 Nxd5 5. e4 Nxc3 6. bxc3 Bg7 7. Nf3 c5 8. Rb1 O-O 9. Be2 cxd4 10. cxd4 Qa5+
11. Bd2 Qxa2 12. O-O Bg4 13. Bg5 h6 14. Be3 Nc6 15. d5 Ne5 16. Rxb7 e6 17. d6 Rfd8 18. Re1 Bxf3 19. gxf3 Nc4 20. Bxc4 Qxc4
21. Rc7 Qa6 22. Bf4 Qb5 23. e5 a5 24. Qc1 g5 25. Bg3 a4 26. Rc3 Rdb8 27. f4 Qa5 28. fxg5 hxg5 29. Ree3 Qb4 30. Rc4 Qb1
31. Qxb1 Rxb1+ 32. Kg2 Rd1 33. Ra3 f6 34. exf6 Bxf6 35. Rcxa4 Rxa4 36. Rxa4 Kf7 37. Ra5 e5 38. Bxe5 Bxe5 39. Rxe5 Kf6 40. Re3 Rxd6
41. h3 Rd5 42. Kg3 Kg6 43. f3 Rd1 44. Re8 Rg1+ 45. Kf2 Rh1 46. Kg2 Rd1 47. Rg8+ Kf5 48. Kg3=
1/2-1/2

[Event "2010 Standard Chess Dropout Tournament, Round 1"]
[Site "SchemingMind.com"]
[Date "2009.11.09"]
[Round "1"]
[White "chesshub"]
[Black "Thomas Meehan"]
[Result "1-0"]
[WhiteCountry "FRA"]
[BlackCountry "ENG"]
[WhiteElo "2444"]
[WhiteRD "68"]
[BlackElo "1554"]
[BlackRD "100"]
[GameID "225941"]

1. d4 Nf6 2. c4 e6 3. Nc3 Bb4 4. Qc2 O-O 5. a3 Bxc3+ 6. Qxc3 b6 7. Bg5 Bb7 8. f3 d6 9. e4 c5 10. d5 exd5
11. Bxf6 Qxf6 12. Qxf6 gxf6 13. exd5 Re8+ 14. Kf2 Nd7 15. Ne2 b5 16. cxb5 a6 17. Ng3 Bxd5 18. Rd1 Nb6 19. bxa6 Bc4 20. Bxc4 Nxc4
21. b3 Nb2 22. Rd2 Rxa6 23. Ra1 Rea8 24. Rxb2 Rxa3 25. Rxa3 Rxa3 26. Nf5 d5 27. Ne7+ Kf8 28. Nxd5 f5 29. Kg3 Kg7 30. Kf4 Kg6
31. Ne7+ Kf6 32. Nxf5 Ra1 33. Rd2 Ra6 34. Rd6+ Rxd6 35. Nxd6 Ke6 36. Nxf7 Kxf7 37. Ke5
1-0

[Event "2010 Standard Chess Dropout Tournament, Round 1"]
[Site "SchemingMind.com"]
[Date "2009.11.09"]
[Round "1"]
[White "Chessic"]
[Black "lemme howdt"]
[Result "1-0"]
[WhiteCountry "INT"]
[BlackCountry "USA"]
[WhiteElo "1638"]
[WhiteRD "154"]
[BlackElo "1708"]
[BlackRD "99"]
[GameID "225942"]

1. e4 e5 2. Nf3 Nc6 3. d4 exd4 4. Nxd4 Bc5 5. Nb3 Bb4+ 6. Bd2 Bxd2+ 7. N1xd2 d6 8. Bc4 Qf6 9. Qf3 Qxf3 10. Nxf3 Nf6
11. Nfd2 a6 12. c3 Ne5 13. Be2 O-O 14. f3 Be6 15. Nd4 c5 16. Nxe6 fxe6 17. O-O-O b5 18. Rhe1 Rad8 19. Kc2 Rf7 20. f4 Nc6
21. g4 d5 22. Bf3 dxe4 23. Nxe4 Rxd1 24. Rxd1 Nxe4 25. Bxe4 Ne7 26. Rd8+ Rf8 27. Bxh7+ Kf7 28. Rxf8+ Kxf8 29. h4 g6 30. h5 Kg7
31. Bxg6 Nxg6 32. hxg6 Kxg6 33. Kd3 Kf6 34. Ke4 a5 35. g5+ Ke7 36. Ke5 Kf7 37. g6+ Kxg6 38. Kxe6 b4 39. f5+ Kg7 40. Ke7 bxc3
41. bxc3
1-0

[Event "2010 Standard Chess Dropout Tournament, Round 1"]
[Site "SchemingMind.com"]
[Date "2009.11.09"]
[Round "1"]
[White "chessjohn"]
[Black "Manfred Kraut"]
[Result "1-0"]
[WhiteCountry "NED"]
[BlackCountry "GER"]
[WhiteElo "1587"]
[WhiteRD "113"]
[BlackElo "1428"]
[BlackRD "76"]
[GameID "225943"]

1. d4 g6 2. e4 Bg7 3. f4 d6 4. Nf3 e6 5. Bd3 Ne7 6. Be3 O-O 7. Qd2 Nd7 8. Nc3 b6 9. g4 c5 10. h4 Qc7
11. h5 c4 12. Be2 d5 13. hxg6 Nxg6 14. O-O-O dxe4 15. Ng5 Nf6 16. Ncxe4 h6 17. Nxf6+ Bxf6 18. Ne4 Bg7 19. g5 Kh7 20. gxh6 Bxh6
21. f5 exf5 22. Bxh6 Rh8 23. Nf6#
1-0

[Event "2010 Standard Chess Dropout Tournament, Round 1"]
[Site "SchemingMind.com"]
[Date "2009.11.14"]
[Round "1"]
[White "CuriousShadow"]
[Black "jonjenson"]
[Result "1/2-1/2"]
[WhiteCountry "USA"]
[BlackCountry "ENG"]
[WhiteElo "2012"]
[WhiteRD "129"]
[BlackElo "1873"]
[BlackRD "65"]
[GameID "225944"]

1. d4 Nf6 2. c4 c5 3. Nf3 e6 4. d5 b5 5. dxe6 fxe6 6. cxb5 d5 7. Bf4 Bd6 8. Bxd6 Qxd6 9. Nc3 e5 10. e4 d4
11. Bc4 Be6 12. b3 O-O 13. Qd3 Bxc4 14. bxc4 Nbd7 15. Nd2 Ng4 16. Nd1 Rf7 17. f3 Ngf6 18. O-O a6 19. a4 Nh5 20. g3 Qg6
21. Rf2 Nf4 22. Qf1 h5 23. Kh1 Ne6 24. Nb2 Qh6 25. Nd3 g5 26. Qe2 a5 27. Rg1 Qg7 28. f4 g4 29. Rgf1 exf4 30. Nxf4 Nxf4
31. Rxf4 Raf8 32. Rxf7 Rxf7 33. Rxf7 Qxf7 34. Nb3 Ne5 35. Kg2 d3 36. Qe3 Qxc4 37. Qg5+ Kf8 38. Qd8+=
1/2-1/2

[Event "2010 Standard Chess Dropout Tournament, Round 1"]
[Site "SchemingMind.com"]
[Date "2009.11.14"]
[Round "1"]
[White "Danzino"]
[Black "Dreadtower"]
[Result "1-0"]
[WhiteCountry "GBR"]
[BlackCountry "ENG"]
[WhiteElo "2009"]
[WhiteRD "96"]
[BlackElo "1738"]
[BlackRD "116"]
[GameID "225945"]

1. c4 c5 2. g3 g6 3. Bg2 Bg7 4. Nc3 Nc6 5. a3 b6 6. b4 cxb4 7. axb4 Bb7 8. b5 Na5 9. Bxb7 Nxb7 10. Bb2 Nf6
11. Nf3 O-O 12. O-O d6 13. Qc2 e6 14. Ra2 Qc7 15. Ne4 Nxe4 16. Qxe4 Bxb2 17. Rxb2 Qe7 18. Ra1 Nc5 19. Qc2 Qd7 20. d3 d5
21. d4 Nb7 22. c5 bxc5 23. dxc5 Qc7 24. c6 Nd6 25. Ne5 Nxb5 26. Nd7 Nd4 27. Qc3 Nxc6 28. Nxf8 Rxf8 29. Rc2 Qe5 30. Qxe5 Nxe5
31. Rxa7 Nc4 32. Rd7 Rb8 33. Ra2 Rb1+ 34. Kg2 Rb2 35. Rxb2 Nxb2 36. g4 Nc4 37. Kg3 Kg7 38. h4 h6 39. Kf4 Kf6 40. f3 g5+
41. Kg3 Ne5 42. Rc7 gxh4+ 43. Kxh4 Kg6 44. f4 Nf3+ 45. exf3
1-0

[Event "2010 Standard Chess Dropout Tournament, Round 1"]
[Site "SchemingMind.com"]
[Date "2009.11.14"]
[Round "1"]
[White "DCangelosi"]
[Black "slotheman"]
[Result "0-1"]
[WhiteCountry "USA"]
[BlackCountry "USA"]
[WhiteElo "1606"]
[WhiteRD "156"]
[BlackElo "1648"]
[BlackRD "100"]
[GameID "225946"]

1. d4 Nf6 2. e3 g6 3. Nf3 Bg7 4. Bd3 d6 5. O-O O-O 6. Nbd2 Nc6 7. Re1 Bg4 8. e4 Nxd4 9. c3 Nxf3+ 10. Nxf3 c5
11. h3 Be6 12. Ng5 Qd7 13. f4 Qc6 14. e5 Nd5 15. Nxe6 fxe6 16. c4 Nxf4 17. Bxf4 Rxf4 18. Qc2 Raf8 19. Be4 d5 20. Bf3 b5
21. b3 Qd7 22. cxd5 exd5 23. Qxc5 e6 24. Rad1 Qf7 25. Rf1 Qf5 26. Qxb5 Bxe5 27. Bg4 Bd4+ 28. Kh2 Qe5 29. Rf3 Rxf3+
0-1